| 000 | 01546nam a22004215a 4500 | ||
|---|---|---|---|
| 999 |
_c23255 _d23255 |
||
| 001 | vtls010476428 | ||
| 005 | 20220615112901.0 | ||
| 008 | 150827s2009 xo 000 0 slo | ||
| 020 | _a9788055500287 (brož.) | ||
| 035 | _a44810B65-AE08-4430-B418-FA4DBB80EB3C | ||
| 035 | _aurn:nbn:sk:snk-amjm9x | ||
| 035 | _aurn:nbn:sk:snk-am001o3i | ||
| 040 |
_aSNK _bslo _cSNK _eAACR2 |
||
| 041 | 0 | _aslo | |
| 044 |
_axo _cSK |
||
| 072 | 7 |
_a004 _xPočítačová veda. Výpočtová technika. Informačné technológie _2konspekt |
|
| 072 | 7 |
_a005 _xManažment. Riadenie _2konspekt |
|
| 072 | 7 |
_a37.016 _xUčebné osnovy. Vyučovacie predmety. Učebnice _2konspekt _2konspekt |
|
| 080 |
_a004 _22001 |
||
| 080 |
_a005 _22001 |
||
| 080 |
_a(075.8) _22001 |
||
| 100 | 1 |
_aRovňák, Martin _93082 |
|
| 245 | 1 | 0 |
_aZáklady manažérskej informatiky _cMartin Rovňák |
| 250 | _a1. vyd. | ||
| 260 |
_aPrešov _bPrešovská univerzita, Fakulta manažmentu _c2009 |
||
| 300 |
_a70 s. _bfotogr., obr., tab. _c24 cm |
||
| 650 | 0 | 7 |
_amanažment _2SNKPH _93083 |
| 650 | 0 | 7 |
_ainformatika _2SNKPH _93084 |
| 650 | 0 | 7 |
_avýpočtová technika _2SNKPH _93085 |
| 650 | 0 | 7 |
_ainformačné a komunikačné technológie _2SNKPH _93086 |
| 650 | 0 | 7 |
_aManagement _2SNKPHeng _93087 |
| 650 | 0 | 7 |
_aInformation science _2SNKPHeng _93088 |
| 650 | 0 | 7 |
_aComputer technology _2SNKPHeng _93089 |
| 650 | 0 | 7 |
_aInformation and communication technology _2SNKPHeng _93090 |
| 655 | 7 |
_aučebnice vysokých škôl _2SNKPH _93091 |
|
| 655 | 7 |
_aTextbooks (higher) _2SNKPHeng _93092 |
|
| 958 | _aNB | ||